Golf

Bibliographic Details
Main Author: Blackall, Bernie
Format: Book
Published: UK : Heinemann Library Books , 1997
Series:Top sport
Subjects:

MARC

LEADER 00000cam a2200000 7i4500
001 0000020783
005 20080703.0
008 080703
020 |a 186391823X 
090 0 0 |a 796.352   |b BLA 
100 1 |a Blackall, Bernie 
245 1 0 |a Golf   |c Bernie Blackall 
260 |a UK :   |b Heinemann Library Books ,   |c 1997 
440 |a Top sport 
650 0 |a Golf for children 
650 0 |a Golf   |x Juvenile literature 
999 |a 0001022435   |b Book   |c Adult Collection   |e Perbadanan Perpustakaan Awam Johor